000 00993nam a2200205 a 4500
001 000041691
005 20201002035714.0
008 130502s1997 sp 000 0 spa d
040 _aDO-SdBNP
_bspa
_cBNPHU
245 0 3 _aLos "Ejemplares tipo" de las colecciones malacológicas del Museo Nacional de Ciencias Naturales /
_cMiguel Villena ... [et al.] ; editores Jorge Morales Romero, Ángel Guerra Sierra.
260 _aMadrid :
_bMuseo Nacional de Ciencias Naturales
_bConsejo Superior de Investigaciones Científicas,
_c1997.
300 _a170 p. :
_bil. ;
_c24cm.
490 1 _aMonografías del Museo Nacional de Ciencias Naturales ;
_v13
500 _aIncluye referencias bibliográficas y notas al pie de las páginas
700 1 _aVillena, Miguel
_968503
700 1 _aMorales Romero,Jorge
_968504
700 1 _aGuerra Sierra, Ángel
_968505
710 2 _aMuseo Nacional de Ciencias Naturales (España)
_915409
830 0 _aMonografías del Museo Nacional de Ciencias Naturales
_v13
_968506
999 _c41181
_d41181